Property insurance: some points to consider in relation to the proper cover of risks (Record no. 88894)

MARC details
000 -LEADER
fixed length control field 00849cam a2200289 4500
001 - CONTROL NUMBER
control field D15972
008 - FIXED-LENGTH DATA ELEMENTS--GENERAL INFORMATION
fixed length control field 090401t1985 xxu||||| |||| 00| 0 eng d
020 ## - INTERNATIONAL STANDARD BOOK NUMBER
International Standard Book Number 0854062882
035 ## - SYSTEM CONTROL NUMBER
System control number (Sirsi) u26171
041 ## - LANGUAGE CODE
Language code of text/sound track or separate title eng
050 ## - LIBRARY OF CONGRESS CALL NUMBER
Classification number 368.1
090 ## - LOCALLY ASSIGNED LC-TYPE CALL NUMBER (OCLC); LOCAL CALL NUMBER (RLIN)
Classification number (OCLC) (R) ; Classification number, CALL (RLIN) (NR) RICS 1985/48ABCD
110 ## - MAIN ENTRY--CORPORATE NAME
Corporate name or jurisdiction name as entry element Royal Institution of Chartered Surveyors
9 (RLIN) 4900
245 ## - TITLE STATEMENT
Title Property insurance: some points to consider in relation to the proper cover of risks
250 ## - EDITION STATEMENT
Edition statement 3rd ed.
260 ## - PUBLICATION, DISTRIBUTION, ETC.
Place of publication, distribution, etc. London
Name of publisher, distributor, etc. Surveyors` Publications
Date of publication, distribution, etc. 1985
300 ## - PHYSICAL DESCRIPTION
Extent 38p. 21cm
350 ## - PRICE (NR) (BK AM CF MU VM SE) [OBSOLETE]
Price 0
520 ## - SUMMARY, ETC.
Summary, etc. SUPERSEDED: Replaced by 4th edition. (ISBN 0854067035) (RICS 1995/94).
650 ## - SUBJECT ADDED ENTRY--TOPICAL TERM
Topical term or geographic name entry element GUIDANCE NOTES
650 ## - SUBJECT ADDED ENTRY--TOPICAL TERM
Topical term or geographic name entry element PROPERTY INSURANCE
650 ## - SUBJECT ADDED ENTRY--TOPICAL TERM
Topical term or geographic name entry element RICS
690 ## - LOCAL SUBJECT ADDED ENTRY--TOPICAL TERM (OCLC, RLIN)
Topical term or geographic name as entry element INSURANCE
9 (RLIN) 6249
710 ## - ADDED ENTRY--CORPORATE NAME
Corporate name or jurisdiction name as entry element General Practice Division
9 (RLIN) 752
942 ## - ADDED ENTRY ELEMENTS (KOHA)
Suppress in OPAC 0
Source of classification or shelving scheme Dewey Decimal Classification
948 ## - LOCAL PROCESSING INFORMATION (OCLC); SERIES PART DESIGNATOR (RLIN)
c (OCLC) 04/03/1997
Holdings
Withdrawn status Lost status Source of classification or shelving scheme Damaged status Not for loan Home library Current library Shelving location Date acquired Total Checkouts Full call number Barcode Date last seen Copy number Price effective from Koha item type Date last checked out
    Dewey Decimal Classification     Historic collection Historic collection RICS Boxes 14/09/1999   RICS 1985/48 30025038 06/08/2019 1 06/08/2019 Archive  
    Dewey Decimal Classification     London London RICS Boxes 13/08/1991   RICS 1985/48 30007863 06/08/2019 1 06/08/2019 Reference material  
    Dewey Decimal Classification     London London RICS Boxes 21/08/1991 1 RICS 1985/48 30030355 06/08/2019 3 06/08/2019 Book 07/11/2005